000 00861nam a2200217 i 4500
001 72381
003 ES-MaACL
005 20250901102439.0
007 t|
008 040831s1932 fr ||||1| fre d
100 1 _aGirard, Albert.
_957213
245 1 3 _aLe commerce français a Seville et Cadix au temps des Habsbourg
_b: contribution a l'etude du commerce etranger en Espagne aux XVI et XVIII siecles /
_cpar Albert Girard.
260 _aParis :
_bBoccard,
_c1932 (
_eBordeaux :
_fJ. Biere)
300 _aXXIII, 607 p. ;
_c25 cm.
650 7 _aComercio-
_zAndalucía
_2
_9163019
651 7 _aEspaña-
_xComercio exterior-
_zFrancia
_2
_9163020
651 7 _aFrancia-
_xComercio exterior-
_zEspaña
_2
_9163021
651 4 _aEspaña-
_xComercio exterior-
_zAmérica española-
_vHistoria.
_9163022
852 _aES-MaACL
_jA-1738
999 _c72381
_d72381